[Event "SC Tornado Hochneukirch 1 - Oberhausene"]
[Site "NRW-Klasse - Gruppe 3 2019/20"]
[Date "2019.11.03"]
[Round "3.1"]
[White "Becker, Marcel"]
[Black "Bub, Volker"]
[Result "1-0"]
[WhiteElo "2350"]
[BlackElo "2064"]
[Annotator "Daniel"]
[PlyCount "53"]
[EventDate "2019.??.??"]
[SourceVersionDate "2020.03.16"]
[WhiteTeam "Oberhausener SV 1"]
[BlackTeam "SC Tornado Hochneukirch 1"]

1. d4 Nf6 2. c4 g6 3. Nc3 Bg7 4. e4 d6 5. h3 O-O 6. Nf3 e5 7. d5 Nh5 $11 8. g3
f5 9. exf5 gxf5 10. Nh4 Qe8 11. Be2 Nf6 12. Qc2 Na6 13. a3 Nc5 14. Be3 a5 15.
O-O-O b6 16. g4 fxg4 17. hxg4 Nxg4 18. Bxg4 Bxg4 19. Rdg1 Qh5 20. f3 Bf5 21.
Ne4 h6 22. Nxf5 Qxf5 23. Bxh6 Rf7 24. Qg2 Nxe4 25. fxe4 Qd7 26. Qh2 Re8 27.
Bxg7 1-0

[Event "SC Tornado Hochneukirch 1 - Oberhausene"]
[Site "NRW-Klasse - Gruppe 3 2019/20"]
[Date "2019.11.03"]
[Round "3.2"]
[White "Huesmann, Thomas"]
[Black "Hort, Vlastimil"]
[Result "0-1"]
[WhiteElo "2156"]
[BlackElo "2349"]
[PlyCount "112"]
[EventDate "2019.??.??"]
[SourceVersionDate "2020.03.16"]
[WhiteTeam "SC Tornado Hochneukirch 1"]
[BlackTeam "Oberhausener SV 1"]

1. e4 e5 2. Nf3 Nc6 3. Bc4 Bc5 4. c3 Nf6 5. d3 d6 6. Bb3 a5 7. O-O O-O 8. h3
Ba7 9. Re1 Ne7 10. d4 Ng6 11. dxe5 dxe5 12. Qxd8 Rxd8 13. Bg5 a4 14. Bc2 Be6
15. Nbd2 Bc5 16. b4 axb3 17. Bxb3 Ra6 18. Bxe6 Rxe6 19. Rab1 b6 20. Nb3 Bf8 21.
g3 Ra8 22. Re2 Rc6 23. Rc1 Nd7 24. Rcc2 f6 25. Be3 Rc4 26. Bc1 Bd6 27. Ne1 Ngf8
28. Nd3 Rca4 29. c4 Ne6 30. Be3 c5 31. Red2 Nd4 32. Bxd4 exd4 33. Nbc1 Kf7 34.
f4 Ke6 35. Kg2 Ra3 36. Rb2 Rc3 37. Rbc2 Ra4 38. Rxc3 dxc3 39. Rc2 Rxc4 40. Ne2
b5 41. Kf3 b4 42. Nf2 Nb6 43. Ke3 Na4 44. Nd1 f5 45. exf5+ Kd5 46. Kf3 Rd4 47.
Ne3+ Kc6 48. g4 Kb5 49. g5 Rd3 50. Ke4 c4 51. Nd4+ Rxd4+ 52. Kxd4 Bc5+ 53. Ke4
b3 54. f6 gxf6 55. Rc1 b2 56. Rb1 f5+ 0-1

[Event "SC Tornado Hochneukirch 1 - Oberhausene"]
[Site "NRW-Klasse - Gruppe 3 2019/20"]
[Date "2019.11.03"]
[Round "3.3"]
[White "Montignies, Rainer"]
[Black "Rotstein, Jefim"]
[Result "1/2-1/2"]
[WhiteElo "2256"]
[BlackElo "2256"]
[PlyCount "66"]
[EventDate "2019.??.??"]
[SourceVersionDate "2020.03.16"]
[WhiteTeam "Oberhausener SV 1"]
[BlackTeam "SC Tornado Hochneukirch 1"]

1. Nf3 f5 2. g3 Nf6 3. Bg2 d6 4. d4 e6 5. O-O Be7 6. c4 O-O 7. b3 a5 8. Bb2 Qe8
9. Nc3 Ne4 10. e3 Nc6 11. d5 Nxc3 12. Bxc3 Nd8 13. dxe6 Nxe6 14. Nd4 Nc5 15.
Nb5 Bd8 16. Rb1 Bd7 17. Qe2 Bc6 18. Bd5+ Bxd5 19. cxd5 f4 20. Nd4 fxe3 21. Qxe3
Qxe3 22. fxe3 Bg5 23. Nc2 Rxf1+ 24. Rxf1 a4 25. b4 Ne4 26. Bd4 Re8 27. Kg2 Bf6
28. Rd1 Bxd4 29. Rxd4 Nc3 30. Rd3 Nb5 31. Kf3 Kf7 32. Nd4 Nxd4+ 33. Rxd4 b5
1/2-1/2

[Event "SC Tornado Hochneukirch 1 - Oberhausene"]
[Site "NRW-Klasse - Gruppe 3 2019/20"]
[Date "2019.11.03"]
[Round "3.4"]
[White "Zimmermann, Rolf"]
[Black "Kummerow, Heiko"]
[Result "0-1"]
[WhiteElo "2098"]
[BlackElo "2226"]
[PlyCount "43"]
[EventDate "2019.??.??"]
[SourceVersionDate "2020.03.16"]
[WhiteTeam "SC Tornado Hochneukirch 1"]
[BlackTeam "Oberhausener SV 1"]

1. c4 Nf6 2. Nf3 g6 3. g3 Bg7 4. Bg2 O-O 5. O-O d6 6. Nc3 Nc6 7. d4 a6 8. b3
Rb8 9. e3 b5 10. Nd2 Bg4 11. f3 Bd7 12. Bb2 e5 13. cxb5 axb5 14. d5 Ne7 15.
Nde4 Ne8 16. Qd2 b4 17. Ne2 Rb5 18. f4 Nxd5 19. fxe5 dxe5 20. a4 Ra5 21. Nc5
Rxc5 22. Bxd5 0-1

[Event "SC Tornado Hochneukirch 1 - Oberhausene"]
[Site "NRW-Klasse - Gruppe 3 2019/20"]
[Date "2019.11.03"]
[Round "3.5"]
[White "Ciornei, Dragos"]
[Black "Ljuboschiz, Alexander"]
[Result "1/2-1/2"]
[WhiteElo "2135"]
[BlackElo "1955"]
[PlyCount "24"]
[EventDate "2019.??.??"]
[SourceVersionDate "2020.03.16"]
[WhiteTeam "Oberhausener SV 1"]
[BlackTeam "SC Tornado Hochneukirch 1"]

1. e4 d6 2. d4 g6 3. Nc3 Bg7 4. Be3 c6 5. Qd2 b5 6. O-O-O Qa5 7. Kb1 Nd7 8. f3
Nb6 9. Bd3 Nc4 10. Bxc4 bxc4 11. Nge2 Rb8 12. Ka1 Nf6 1/2-1/2

[Event "SC Tornado Hochneukirch 1 - Oberhausene"]
[Site "NRW-Klasse - Gruppe 3 2019/20"]
[Date "2019.11.03"]
[Round "3.6"]
[White "Heller, Harald"]
[Black "Alkhazashvili, Ololi"]
[Result "0-1"]
[WhiteElo "1946"]
[BlackElo "2158"]
[PlyCount "56"]
[EventDate "2019.??.??"]
[SourceVersionDate "2020.03.16"]
[WhiteTeam "SC Tornado Hochneukirch 1"]
[BlackTeam "Oberhausener SV 1"]

1. d4 e6 2. Nf3 b6 3. Bf4 Ba6 4. Nbd2 c5 5. c4 cxd4 6. Nxd4 Qf6 7. Be3 Bc5 8.
N2f3 Bxc4 9. g3 Bb4+ 10. Bd2 Bxd2+ 11. Qxd2 Nc6 12. Bg2 Nge7 13. O-O O-O 14.
Rfe1 Rac8 15. Rac1 Nxd4 16. Nxd4 d5 17. a4 Rfd8 18. e3 h6 19. a5 e5 20. Nf3
bxa5 21. Qxa5 Nc6 22. Qa4 a6 23. Qa3 e4 24. Nd2 Ne5 25. Nxc4 Nxc4 26. Qb4 Rb8
27. Qc5 Rxb2 28. Rf1 Nd2 0-1

[Event "SC Tornado Hochneukirch 1 - Oberhausene"]
[Site "NRW-Klasse - Gruppe 3 2019/20"]
[Date "2019.11.03"]
[Round "3.7"]
[White "Nissen, Claus"]
[Black "Burstein, Garri"]
[Result "1-0"]
[WhiteElo "2107"]
[BlackElo "2050"]
[PlyCount "49"]
[EventDate "2019.??.??"]
[SourceVersionDate "2020.03.16"]
[WhiteTeam "Oberhausener SV 1"]
[BlackTeam "SC Tornado Hochneukirch 1"]

1. Nf3 d5 2. g3 Nf6 3. Bg2 g6 4. O-O Bg7 5. d4 O-O 6. c4 c6 7. b3 Ne4 8. Nbd2
f5 9. Qc2 Nd7 10. Ba3 Re8 11. Rac1 e6 12. h4 h6 13. e3 Qf6 14. Nxe4 dxe4 15.
Nd2 e5 16. d5 c5 17. b4 Bf8 18. Qa4 Rd8 19. Nb3 cxb4 20. Bxb4 Bxb4 21. Qxb4 b6
22. Rfd1 a5 23. Qa4 Qd6 24. Qc6 Nc5 25. Nxc5 1-0

[Event "SC Tornado Hochneukirch 1 - Oberhausene"]
[Site "NRW-Klasse - Gruppe 3 2019/20"]
[Date "2019.11.03"]
[Round "3.8"]
[White "Bohlmann, Erwin"]
[Black "Groß, Thomas"]
[Result "1/2-1/2"]
[WhiteElo "1869"]
[BlackElo "2004"]
[PlyCount "38"]
[EventDate "2019.??.??"]
[SourceVersionDate "2020.03.16"]
[WhiteTeam "SC Tornado Hochneukirch 1"]
[BlackTeam "Oberhausener SV 1"]

1. c4 e5 2. Nc3 Nc6 3. Nf3 g6 4. g3 Bg7 5. Bg2 Nge7 6. d3 O-O 7. Bd2 Nd4 8. e3
Nxf3+ 9. Qxf3 d6 10. Qe2 c6 11. e4 Be6 12. O-O Qd7 13. f4 f5 14. Rf2 Rae8 15.
Raf1 c5 16. Bh3 Nc6 17. Be3 exf4 18. Bxf4 Nd4 19. Qd2 Rf7 1/2-1/2

[Event "Ratinger SK 1 - SV Turm Kamp-Lintfort 1"]
[Site "NRW-Klasse - Gruppe 3 2019/20"]
[Date "2019.11.03"]
[Round "3.1"]
[White "Ratering, Jona"]
[Black "Graeber, Ralf"]
[Result "1-0"]
[WhiteElo "2104"]
[BlackElo "2133"]
[PlyCount "87"]
[EventDate "2019.??.??"]
[SourceVersionDate "2020.03.16"]
[WhiteTeam "SV Turm Kamp-Lintfort 1"]
[BlackTeam "Ratinger SK 1"]

1. d4 Nf6 2. c4 c5 3. Nf3 cxd4 4. Nxd4 Nc6 5. Nc3 g6 6. e4 d6 7. f3 Bg7 8. Be3
O-O 9. Be2 Bd7 10. Nc2 Rc8 11. O-O Ne8 12. Qd2 Nc7 13. Rac1 Ne6 14. Rfd1 Qa5
15. b4 Qd8 16. Nd5 Ne5 17. Na3 Ba4 18. Re1 Bc6 19. Bxa7 Bxd5 20. cxd5 Rxc1 21.
Rxc1 Qa8 22. Nb5 Nd8 23. a4 Ndc6 24. Be3 Nb8 25. a5 Na6 26. Nc7 Nxc7 27. Rxc7
f5 28. exf5 gxf5 29. b5 Ng6 30. a6 bxa6 31. bxa6 Rb8 32. a7 Rb1+ 33. Rc1 Rb7
34. Qa5 Kf7 35. Bb5 Ne5 36. Bc6 Nxf3+ 37. gxf3 Qg8 38. Bxb7 Bd4+ 39. Kh1 Bxe3
40. a8=Q Qg5 41. Q5d8 Qf4 42. Qf8+ Kg6 43. Qae8+ Kg5 44. Qexe7+ 1-0

[Event "Ratinger SK 1 - SV Turm Kamp-Lintfort 1"]
[Site "NRW-Klasse - Gruppe 3 2019/20"]
[Date "2019.11.03"]
[Round "3.2"]
[White "Brosig, Boris"]
[Black "Hagen, Gunter"]
[Result "1/2-1/2"]
[WhiteElo "2175"]
[BlackElo "2100"]
[PlyCount "37"]
[EventDate "2019.??.??"]
[SourceVersionDate "2020.03.16"]
[WhiteTeam "Ratinger SK 1"]
[BlackTeam "SV Turm Kamp-Lintfort 1"]

1. e4 c6 2. d4 d5 3. e5 Bf5 4. Bd3 Bxd3 5. Qxd3 e6 6. Nf3 c5 7. dxc5 Qa5+ 8.
Nbd2 Bxc5 9. O-O Ne7 10. c3 Qa6 11. Qc2 Ng6 12. h4 Be7 13. h5 Nf4 14. Re1 Nd7
15. Nb3 Qd3 16. Qxd3 Nxd3 17. Re3 Nxc1 18. Rxc1 Rc8 19. Re2 1/2-1/2

[Event "Ratinger SK 1 - SV Turm Kamp-Lintfort 1"]
[Site "NRW-Klasse - Gruppe 3 2019/20"]
[Date "2019.11.03"]
[Round "3.3"]
[White "Westermann, Johannes"]
[Black "Probst, Andreas"]
[Result "0-1"]
[WhiteElo "2020"]
[BlackElo "2130"]
[PlyCount "76"]
[EventDate "2019.??.??"]
[SourceVersionDate "2020.03.16"]
[WhiteTeam "SV Turm Kamp-Lintfort 1"]
[BlackTeam "Ratinger SK 1"]

1. d4 Nf6 2. c4 g6 3. Nc3 Bg7 4. e4 d6 5. Nf3 O-O 6. Be2 e5 7. d5 a5 8. Bg5 h6
9. Be3 Ng4 10. Bd2 f5 11. h3 Nf6 12. exf5 gxf5 13. Qc1 f4 14. g3 e4 15. Nh4 e3
16. fxe3 fxg3 17. Ng6 Re8 18. Qc2 Na6 19. O-O Nb4 20. Qb1 Bxh3 21. Rf4 Qd7 22.
a3 Na6 23. Qc2 Nc5 24. Bf3 b5 25. Re1 a4 26. Re2 Bg4 27. Be1 Bxf3 28. Rxf3 Nce4
29. Rf4 Nxc3 30. Bxc3 Ng4 31. Nh4 Nf2 32. Rexf2 gxf2+ 33. Rxf2 Rxe3 34. Rg2
Rxc3 35. Qxc3 Rf8 36. Qc2 Qe7 37. Nf5 Qe1+ 38. Kh2 Qe5+ 0-1

[Event "Ratinger SK 1 - SV Turm Kamp-Lintfort 1"]
[Site "NRW-Klasse - Gruppe 3 2019/20"]
[Date "2019.11.03"]
[Round "3.4"]
[White "Gatterer, Matthias"]
[Black "Nurkowski-Buerkle, Ruediger"]
[Result "1/2-1/2"]
[WhiteElo "1984"]
[BlackElo "2014"]
[PlyCount "54"]
[EventDate "2019.??.??"]
[SourceVersionDate "2020.03.16"]
[WhiteTeam "Ratinger SK 1"]
[BlackTeam "SV Turm Kamp-Lintfort 1"]

1. d4 d5 2. c4 e6 3. Nc3 c6 4. Nf3 dxc4 5. e3 b5 6. a4 Bb4 7. Bd2 a5 8. axb5
Bxc3 9. Bxc3 cxb5 10. b3 Bb7 11. bxc4 b4 12. Bb2 Nf6 13. c5 O-O 14. Bb5 Qc7 15.
O-O Bc6 16. Ba4 Qb7 17. Qe2 Nbd7 18. Rfc1 Rfc8 19. Qd1 Bd5 20. Ne1 Bc6 21. Bxc6
Qxc6 22. Ra4 Qb5 23. Rca1 Nb8 24. Nf3 Nc6 25. Nd2 Rd8 26. Nb3 Ne4 27. Qf1 Rdb8
1/2-1/2

[Event "Ratinger SK 1 - SV Turm Kamp-Lintfort 1"]
[Site "NRW-Klasse - Gruppe 3 2019/20"]
[Date "2019.11.03"]
[Round "3.5"]
[White "Bosser, Heinz-Dieter"]
[Black "Liedtke, Dirk"]
[Result "1/2-1/2"]
[WhiteElo "1979"]
[BlackElo "2110"]
[PlyCount "35"]
[EventDate "2019.??.??"]
[SourceVersionDate "2020.03.16"]
[WhiteTeam "SV Turm Kamp-Lintfort 1"]
[BlackTeam "Ratinger SK 1"]

1. d4 Nf6 2. c4 g6 3. Nc3 Bg7 4. Nf3 d5 5. Qb3 dxc4 6. Qxc4 O-O 7. Bf4 c6 8. e3
b5 9. Qb3 a5 10. Be2 a4 11. Qd1 a3 12. b4 Na6 13. Qb3 Nc7 14. Ne5 Ra6 15. Rc1
Be6 16. Qc2 Ncd5 17. Nxd5 Bxd5 18. Bf3 1/2-1/2

[Event "Ratinger SK 1 - SV Turm Kamp-Lintfort 1"]
[Site "NRW-Klasse - Gruppe 3 2019/20"]
[Date "2019.11.03"]
[Round "3.6"]
[White "Podhorsky, Roman"]
[Black "Schubert, Mario"]
[Result "1/2-1/2"]
[WhiteElo "1995"]
[BlackElo "1915"]
[PlyCount "102"]
[EventDate "2019.??.??"]
[SourceVersionDate "2020.03.16"]
[WhiteTeam "Ratinger SK 1"]
[BlackTeam "SV Turm Kamp-Lintfort 1"]

1. e4 c5 2. c3 d6 3. d4 cxd4 4. cxd4 g6 5. Nf3 Nf6 6. Nc3 Bg7 7. Bc4 O-O 8. O-O
Nc6 9. d5 Nb8 10. Be3 Bg4 11. Be2 a6 12. a4 Nbd7 13. Ra3 Bxf3 14. gxf3 b6 15.
f4 Nc5 16. Qb1 Ne8 17. b4 Nd7 18. Qd3 Qb8 19. Bd4 e5 20. dxe6 fxe6 21. Bxg7
Kxg7 22. Qd4+ Ndf6 23. e5 dxe5 24. fxe5 Nd5 25. Nxd5 Qd8 26. Bf3 Qg5+ 27. Kh1
Rd8 28. Qxb6 exd5 29. Bg2 Rf4 30. Rg3 Qe7 31. e6 Rd6 32. Qe3 Rf6 33. Qc5 Qxe6
34. Re3 Qd7 35. Rfe1 Rde6 36. Bxd5 Rxe3 37. Rxe3 Nd6 38. f3 Nf5 39. Re1 Rd6 40.
Qc3+ Kh6 41. Be4 Rd1 42. Bxf5 Rxe1+ 43. Qxe1 Qxf5 44. Qd2+ Kg7 45. Kg2 h5 46.
a5 Qe5 47. f4 Qe4+ 48. Kg3 Kh7 49. Qd6 Qe1+ 50. Kf3 Qh1+ 51. Ke3 Qxh2 1/2-1/2

[Event "Ratinger SK 1 - SV Turm Kamp-Lintfort 1"]
[Site "NRW-Klasse - Gruppe 3 2019/20"]
[Date "2019.11.03"]
[Round "3.7"]
[White "Baaken, Hermann"]
[Black "Katz, Rafael"]
[Result "1-0"]
[WhiteElo "1714"]
[BlackElo "1971"]
[PlyCount "61"]
[EventDate "2019.??.??"]
[SourceVersionDate "2020.03.16"]
[WhiteTeam "SV Turm Kamp-Lintfort 1"]
[BlackTeam "Ratinger SK 1"]

1. d4 d5 2. Nc3 Nf6 3. Bf4 c6 4. e3 Bf5 5. f3 e6 6. g4 Bg6 7. h4 h6 8. h5 Bh7
9. Qd2 Bd6 10. Nge2 Qc7 11. O-O-O Nbd7 12. Bg2 O-O-O 13. g5 hxg5 14. Bxg5 e5
15. Bh3 Kb8 16. Bxd7 Qxd7 17. h6 exd4 18. Nxd4 Bf8 19. Rdg1 Ka8 20. Bh4 Bg6 21.
Na4 b5 22. hxg7 Bxg7 23. Nc5 Qd6 24. b4 Rc8 25. Bg3 Rxh1 26. Bxd6 Rxg1+ 27. Kb2
Rh8 28. Be5 Rhh1 29. Nxc6 Rd1 30. Qc3 Rh2 31. Bxh2 1-0

[Event "Ratinger SK 1 - SV Turm Kamp-Lintfort 1"]
[Site "NRW-Klasse - Gruppe 3 2019/20"]
[Date "2019.11.03"]
[Round "3.8"]
[White "Krueger, Norbert"]
[Black "Pilz, Simon"]
[Result "1-0"]
[WhiteElo "1902"]
[BlackElo "1639"]
[PlyCount "97"]
[EventDate "2019.??.??"]
[SourceVersionDate "2020.03.16"]
[WhiteTeam "Ratinger SK 1"]
[BlackTeam "SV Turm Kamp-Lintfort 1"]

1. e4 c5 2. c3 e6 3. d4 d5 4. Bd3 cxd4 5. cxd4 dxe4 6. Bxe4 Nf6 7. Bd3 Bb4+ 8.
Nc3 O-O 9. Nf3 Qc7 10. Qc2 b6 11. O-O Bb7 12. Ne5 Nc6 13. Nb5 Qc8 14. Bg5 Nxe5
15. dxe5 Qxc2 16. Bxc2 Ne4 17. Be3 Bc5 18. Bxc5 Nxc5 19. Rfd1 a6 20. Nd6 Bd5
21. b4 Nd7 22. f4 f6 23. exf6 Nxf6 24. Rd4 Rad8 25. Nc4 Bxc4 26. Rxc4 Rc8 27.
Bb3 Rxc4 28. Bxc4 Nd5 29. g3 Kf7 30. f5 b5 31. Bb3 Ke7 32. Rf1 Ne3 33. Re1 Nxf5
34. Rxe6+ Kd8 35. Rxa6 Rf6 36. Rxf6 gxf6 37. Bc2 Ne3 38. Bxh7 Ke7 39. Bd3 Nd5
40. a3 Nc3 41. Kf2 Ke6 42. Ke3 Ke5 43. h4 Nd5+ 44. Kd2 Nc7 45. h5 f5 46. h6 Kf6
47. h7 Kg7 48. Bxf5 Nd5 49. Kd3 1-0

[Event "Kölner SK Dr. Lasker 2 - Krefelder SK "]
[Site "NRW-Klasse - Gruppe 3 2019/20"]
[Date "2019.11.03"]
[Round "3.2"]
[White "Mandt, Mathias"]
[Black "Gutkin, Ilya"]
[Result "1-0"]
[WhiteElo "2045"]
[BlackElo "2060"]
[PlyCount "65"]
[EventDate "2019.??.??"]
[SourceVersionDate "2020.03.16"]
[WhiteTeam "Kölner SK Dr. Lasker 2"]
[BlackTeam "Krefelder SK Turm 2"]

1. d4 e6 2. c4 Bb4+ 3. Bd2 Qe7 4. Qb3 a5 5. Nf3 Nf6 6. a3 Bxd2+ 7. Nbxd2 d6 8.
g3 O-O 9. Bg2 e5 10. O-O exd4 11. Nxd4 Nbd7 12. e3 Nc5 13. Qc2 a4 14. b4 axb3
15. N4xb3 Nfd7 16. Rfb1 Ra7 17. Nd4 Ne5 18. h3 Be6 19. Kh2 Rfa8 20. f4 Ned3 21.
Bf1 Bd7 22. Bxd3 Qxe3 23. Bxh7+ Kh8 24. N2f3 Ba4 25. Qf5 Qf2+ 26. Kh1 g6 27.
Bxg6 fxg6 28. Qxg6 Bc6 29. Qh5+ Kg8 30. Nxc6 bxc6 31. Ng5 Qc2 32. Re1 Rxa3 33.
Rxa3 1-0

[Event "Kölner SK Dr. Lasker 2 - Krefelder SK "]
[Site "NRW-Klasse - Gruppe 3 2019/20"]
[Date "2019.11.03"]
[Round "3.3"]
[White "Guddat, Joachim"]
[Black "Strohmeyer, Jochen"]
[Result "1/2-1/2"]
[WhiteElo "2054"]
[BlackElo "2145"]
[PlyCount "50"]
[EventDate "2019.??.??"]
[SourceVersionDate "2020.03.16"]
[WhiteTeam "Krefelder SK Turm 2"]
[BlackTeam "Kölner SK Dr. Lasker 2"]

1. d4 Nf6 2. Nf3 d5 3. c4 g6 4. Nc3 Bg7 5. cxd5 Nxd5 6. e4 Nxc3 7. bxc3 c5 8.
Bb5+ Bd7 9. Bxd7+ Qxd7 10. O-O O-O 11. Be3 cxd4 12. cxd4 Nc6 13. Rb1 b6 14. Qa4
e6 15. Rfd1 Ne5 16. Qxd7 Nxd7 17. a4 Nf6 18. e5 Nd5 19. Bd2 Rfc8 20. Rdc1 Bf8
21. Kf1 a6 22. Ke2 Ba3 23. Rxc8+ Rxc8 24. Kd3 Kf8 25. Ne1 Ke8 1/2-1/2

[Event "Kölner SK Dr. Lasker 2 - Krefelder SK "]
[Site "NRW-Klasse - Gruppe 3 2019/20"]
[Date "2019.11.03"]
[Round "3.4"]
[White "Rastelli, Michele"]
[Black "Markgraf, Jonas"]
[Result "0-1"]
[WhiteElo "2013"]
[BlackElo "2001"]
[PlyCount "76"]
[EventDate "2019.??.??"]
[SourceVersionDate "2020.03.16"]
[WhiteTeam "Kölner SK Dr. Lasker 2"]
[BlackTeam "Krefelder SK Turm 2"]

1. d4 Nf6 2. Nf3 g6 3. Bg5 Bg7 4. Nbd2 d5 5. e3 c6 6. Bd3 Bg4 7. h3 Bxf3 8.
Qxf3 Nbd7 9. c4 O-O 10. O-O Re8 11. cxd5 cxd5 12. Bb5 a6 13. Ba4 Rf8 14. Bb3
Qa5 15. Qe2 e6 16. Rfc1 Rac8 17. a3 Qb6 18. f3 Rc6 19. Rc3 Rfc8 20. Rac1 Rxc3
21. Rxc3 Rxc3 22. bxc3 Qa5 23. Nb1 b5 24. e4 dxe4 25. fxe4 h6 26. Bd2 Qb6 27.
Be3 Qc6 28. Bc2 Nxe4 29. Qf3 f5 30. Bxe4 Qxe4 31. Qxe4 fxe4 32. Nd2 Nf6 33. Kf2
Bf8 34. Nb1 Nd5 35. Bc1 h5 36. Bg5 Bg7 37. g3 Nxc3 38. Nd2 Bxd4+ 0-1

[Event "Kölner SK Dr. Lasker 2 - Krefelder SK "]
[Site "NRW-Klasse - Gruppe 3 2019/20"]
[Date "2019.11.03"]
[Round "3.5"]
[White "Noever, Niklas"]
[Black "Rosenkraenzer, Torsten"]
[Result "1/2-1/2"]
[WhiteElo "1868"]
[BlackElo "1995"]
[PlyCount "112"]
[EventDate "2019.??.??"]
[SourceVersionDate "2020.03.16"]
[WhiteTeam "Krefelder SK Turm 2"]
[BlackTeam "Kölner SK Dr. Lasker 2"]

1. d4 d5 2. Nf3 Nf6 3. Bf4 c5 4. dxc5 Nc6 5. e3 Bg4 6. Be2 e6 7. Ne5 Bxe2 8.
Qxe2 Bxc5 9. O-O O-O 10. Nd2 Nxe5 11. Bxe5 Bd6 12. Bxd6 Qxd6 13. Rfd1 Rac8 14.
c3 Qb6 15. Nb3 g6 16. Rd4 e5 17. Rb4 Qc7 18. Qb5 b6 19. h3 Qc6 20. Qa6 Rc7 21.
Rd1 Rb8 22. a4 Rbc8 23. a5 bxa5 24. Qxa5 Rb7 25. Nd2 Rcb8 26. Rxb7 Rxb7 27. b3
Qc7 28. Qxc7 Rxc7 29. Rc1 Kf8 30. c4 dxc4 31. Nxc4 Ne4 32. Ra1 Nc5 33. Nxe5
Nxb3 34. Ra6 Nc5 35. Rc6 Rxc6 36. Nxc6 a6 37. Kf1 Ke8 38. Ke2 f6 39. f3 Kd7 40.
Nd4 Kd6 41. Kd2 Kd5 42. Kc3 f5 43. Nc2 a5 44. Na3 Na4+ 45. Kb3 Nb6 46. Kc3 Kc5
47. Nc2 a4 48. e4 fxe4 49. fxe4 Nc4 50. Nd4 Ne3 51. Ne6+ Kd6 52. Nf8 h5 53. g4
Nxg4 54. Nxg6 Nf2 55. Nf4 Nxe4+ 56. Kb4 h4 1/2-1/2

[Event "Kölner SK Dr. Lasker 2 - Krefelder SK "]
[Site "NRW-Klasse - Gruppe 3 2019/20"]
[Date "2019.11.03"]
[Round "3.6"]
[White "Mews, Bernhard"]
[Black "Cozzuto, Alessandro"]
[Result "1-0"]
[WhiteElo "1975"]
[BlackElo "1818"]
[PlyCount "37"]
[EventDate "2019.??.??"]
[SourceVersionDate "2020.03.16"]
[WhiteTeam "Kölner SK Dr. Lasker 2"]
[BlackTeam "Krefelder SK Turm 2"]

1. d4 d5 2. Bf4 Nf6 3. e3 e6 4. Nf3 Bd6 5. Bg3 O-O 6. Nbd2 c5 7. c3 Nc6 8. Bd3
Re8 9. Ne5 Qc7 10. f4 Nd7 11. Bxh7+ Kf8 12. Bd3 f6 13. O-O Qb6 14. Qh5 Bxe5 15.
fxe5 cxd4 16. exf6 Nxf6 17. Bd6+ Re7 18. Bg6 Kg8 19. Rxf6 1-0

[Event "Kölner SK Dr. Lasker 2 - Krefelder SK "]
[Site "NRW-Klasse - Gruppe 3 2019/20"]
[Date "2019.11.03"]
[Round "3.7"]
[White "Komans, Dieter"]
[Black "Glaser, Steffen"]
[Result "1-0"]
[WhiteElo "2004"]
[BlackElo "1944"]
[PlyCount "55"]
[EventDate "2019.??.??"]
[SourceVersionDate "2020.03.16"]
[WhiteTeam "Krefelder SK Turm 2"]
[BlackTeam "Kölner SK Dr. Lasker 2"]

1. e4 Nc6 2. Nf3 Nf6 3. Nc3 d5 4. Bd3 d4 5. Ne2 e5 6. Bb5 Qd6 7. O-O Nxe4 8.
Nexd4 exd4 9. Re1 Bf5 10. d3 O-O-O 11. dxe4 Bg4 12. Bd3 Ne5 13. Bf4 Nxf3+ 14.
Qxf3 Bxf3 15. Bxd6 Bxd6 16. gxf3 Be5 17. Kh1 Rd6 18. Rg1 Rh6 19. Rg2 g6 20. Rd1
Rh3 21. Be2 h5 22. Kg1 Rd8 23. Rd3 c5 24. Ra3 Kb8 25. Bc4 Rd7 26. Rd3 Kc7 27.
Rg5 Kd6 28. f4 1-0

[Event "Kölner SK Dr. Lasker 2 - Krefelder SK "]
[Site "NRW-Klasse - Gruppe 3 2019/20"]
[Date "2019.11.03"]
[Round "3.8"]
[White "Herborth, Manfred"]
[Black "van Ael, Bert"]
[Result "1/2-1/2"]
[WhiteElo "1758"]
[BlackElo "1908"]
[PlyCount "43"]
[EventDate "2019.??.??"]
[SourceVersionDate "2020.03.16"]
[WhiteTeam "Kölner SK Dr. Lasker 2"]
[BlackTeam "Krefelder SK Turm 2"]

1. d4 d5 2. Bf4 c5 3. e3 Qb6 4. Nc3 e6 5. Nb5 Na6 6. a4 Nf6 7. c3 Be7 8. h3 O-O
9. Nf3 h6 10. Ne5 Qd8 11. Bd3 Bd7 12. h4 Ne4 13. Bxe4 dxe4 14. Qc2 cxd4 15.
exd4 Bc6 16. Nxc6 bxc6 17. Na3 Qd5 18. Qe2 Nb8 19. Nc4 Nd7 20. Ne3 Qb3 21. Ng4
Qd5 22. Ne3 1/2-1/2

[Event "Aachen- Kleve"]
[Site "Aachen"]
[Date "2019.11.03"]
[Round "3.1"]
[White "Bons, Jasper"]
[Black "Draeger, Thomas"]
[Result "1-0"]
[WhiteElo "2199"]
[BlackElo "2198"]
[Annotator "Johannes"]
[PlyCount "87"]
[EventDate "2019.11.03"]
[SourceVersionDate "2020.03.16"]
[WhiteTeam "SK Turm Kleve"]
[BlackTeam "DJK Aufwärts Aachen 3"]

{[%evp 0,16,35,27,29,39,46,30,56,78,59,-15,-15,1,-19,-30,8,9,35]} 1. e4 e6 2.
d4 d5 3. Nc3 Nf6 4. e5 Nfd7 5. Nce2 c5 6. c3 Nc6 7. Nf3 Qb6 8. a3 a5 9. Nf4 Be7
10. h4 a4 11. g3 Nf8 12. Bd3 Bd7 13. Bc2 Qb5 14. Rb1 Na5 15. Nh5 Rg8 16. Bg5
Nc6 17. Be3 cxd4 18. cxd4 f6 19. Nf4 Na5 20. Ne2 Nc4 21. Nc3 Qa5 22. Bd2 Nxd2
23. Qxd2 f5 24. Rg1 Rc8 25. Ra1 b5 26. Bd3 Qb6 27. g4 fxg4 28. Rxg4 b4 29. Ne2
bxa3 30. bxa3 Qb3 31. Nc1 Qc3 32. Qxc3 Rxc3 33. Kd2 Rxa3 34. Rb1 Bd8 35. Ng5
Ba5+ 36. Ke2 Rc3 37. Rb8+ Ke7 38. Rf4 Rc8 39. Rxc8 Bxc8 40. Rf7+ Kd8 41. Ra7
Bb4 42. Bb5 Nd7 43. Nxe6+ Ke7 44. Nf4 1-0

[Event "Aachen- Kleve"]
[Site "Aachen"]
[Date "2019.11.03"]
[Round "3.2"]
[White "Marcziter, Dimitrii"]
[Black "Melde, Benjamin"]
[Result "1/2-1/2"]
[WhiteElo "2241"]
[BlackElo "2119"]
[Annotator "Johannes"]
[PlyCount "95"]
[EventDate "2019.11.03"]
[SourceVersionDate "2020.03.16"]
[WhiteTeam "DJK Aufwärts Aachen 3"]
[BlackTeam "SK Turm Kleve"]

{[%evp 0,21,27,35,34,-10,57,31,37,27,36,19,25,33,6,31,25,34,38,13,39,37,36,-3]
} 1. d4 Nf6 2. c4 g6 3. Nf3 Bg7 4. g3 O-O 5. Bg2 d6 6. Nc3 Nc6 7. O-O a6 8. h3
Bd7 9. e4 e5 10. d5 Ne7 11. Ne1 Nh5 12. Nd3 Qe8 13. Kh2 f5 14. f4 exf4 15. Nxf4
Be5 16. Nxh5 gxh5 17. Bf4 Ng6 18. Bxe5 Nxe5 19. b3 Qg6 20. Ne2 h4 21. gxh4 fxe4
22. Ng3 Rxf1 23. Qxf1 Rf8 24. Qe2 Nf3+ 25. Bxf3 exf3 26. Qf2 Qf6 27. Rg1 Kh8
28. Nf1 Be8 29. Rg4 Bh5 30. Rg5 Re8 31. Ng3 Bg6 32. Rg4 Re5 33. Qd4 f2 34. Rf4
Qg7 35. Qxf2 h5 36. Ne2 Re4 37. Rxe4 Bxe4 38. Nd4 Qe5+ 39. Kg1 Qg7+ 40. Kf1
Bg2+ {(=)} 41. Ke1 Qe5+ 42. Kd2 Bxh3 43. Kc1 Bg4 44. Kb2 c5 45. dxc6 bxc6 46.
Kc1 Kg7 47. Kd2 c5 48. Nc2 1/2-1/2